Straits chinese cookbook
| Main Author: | |
|---|---|
| Format: | Book |
| Published: |
Singapore :
Times Books International ,
1990
|
| Subjects: |
MARC
| LEADER | 00000cam a2200000 7i4500 | ||
|---|---|---|---|
| 001 | 0000009593 | ||
| 002 | 000010452 | ||
| 005 | 20000330.0 | ||
| 020 | |a 9812042369 | ||
| 090 | 0 | 0 | |a 641.5 |b TAN |
| 100 | 1 | |a Tan, Terry | |
| 245 | 1 | 0 | |a Straits chinese cookbook |c Terry Tan |
| 260 | |a Singapore : |b Times Books International , |c 1990 | ||
| 300 | |a 172p. : |b ill. ; |c 29cm. | ||
| 650 | 0 | 0 | |a Cookery, Chinese |
| 999 | |a 020503 |b BUKU |c PINJAMAN |e PERPUSTAKAAN KOMUNITI PETALING JAYA | ||